| 000 | 01113nam a2200301 i 4500 | ||
|---|---|---|---|
| 003 | EG-GICUC | ||
| 005 | 20260324132352.0 | ||
| 008 | 260220s1938 ua |||fr|||| 00| 0 ara d | ||
| 040 |
_a EG-GICUC _bara _c EG-GICUC _d EG-GICUC _erda |
||
| 041 | 0 | _aAra | |
| 082 | 0 | 4 |
_221 _a343.37 _bو ز . م |
| 092 | 0 | 4 | _221 |
| 099 | _aLaw1 10 343.37 و ز . م 1938 | ||
| 110 | 0 |
_aوزارة الحقانية _eمؤلف. |
|
| 245 | 1 | 0 |
_aمذكرة لجنة المراقبة القضائية. _nالجزء الثانى، _pالمواد الجنائية / _cتأليف وزارة الحقانية. |
| 264 | 3 |
_aالقاهرة : _bالمطبعة الأميرية، _c1938. |
|
| 300 |
_a304 ؛صفحة _c24 سم. |
||
| 336 |
_2rda content _atext |
||
| 337 |
_2rda media _aComputer |
||
| 338 |
_2rda carrier _aOnline Resource |
||
| 546 | _aالنص باللغة العربية | ||
| 650 | 1 |
_aالمحاكمة الجنائية _2qrmak |
|
| 650 | 1 |
_aالقانون الجنائى _2qrmak |
|
| 651 | 1 | _2qrmak | |
| 856 | 4 | 0 | _uhttps://fll.law.cu.edu.eg/fulltext/bks/B10-08185.pdf |
| 905 |
_a54 _eYara |
||
| 942 |
_2ddc _cBK _e21 _n0 |
||
| 999 |
_c63895 _d63895 |
||